| Tag |
First Indicator |
Second Indicator |
Subfields |
| LEADER |
00000cam a2200000 4500 |
| 001 |
in00000024596 |
| 005 |
20151007062422.0 |
| 008 |
740220s1942 nyu 00010 eng u |
| 010 |
|
|
|a 42011766
|
| 035 |
|
|
|a (OCoLC)00808930
|
| 035 |
|
|
|9 AAD4834AM
|
| 040 |
|
|
|c HUC
|d TXA
|d UtOrBLW
|
| 049 |
|
|
|a TXAM
|c [153279]
|
| 050 |
|
0 |
|a PS3537.T53
|b T5
|
| 092 |
|
|
|a 818
|b S854t
|
| 100 |
1 |
|
|a Stidger, William L.
|q (William Le Roy),
|d 1886-
|
| 245 |
1 |
0 |
|a There are sermons in stories /
|c by William L. Stidger.
|
| 264 |
|
1 |
|a New York,
|a Nashville :
|b Abingdon-Cokesbury press,
|c [1942]
|
| 300 |
|
|
|a 254 pages ;
|c 21 cm.
|
| 336 |
|
|
|a text
|b txt
|2 rdacontent
|
| 337 |
|
|
|a unmediated
|b n
|2 rdamedia
|
| 338 |
|
|
|a volume
|b nc
|2 rdacarrier
|
| 999 |
|
|
|a MARS
|
| 999 |
f |
f |
|s 5e650010-5aa4-3731-85a7-b84d5d5fb74e
|i 03a75868-d039-3fba-8d61-ebaf8ad4ed29
|t 0
|
| 952 |
f |
f |
|p ric
|a Texas A&M University
|b Rellis Campus
|c Joint Library Facility
|d Remote Storage
|t 0
|e PS3537.T53 T5
|h Library of Congress classification
|i unmediated -- volume
|m A14801265498
|
| 998 |
f |
f |
|a PS3537.T53 T5
|t 0
|l Remote Storage
|